Family on Broadway Quiz Stats

 Plays Quiz Updated Mar 9, 2020

Support Sporcle.
Go Orange.
Score 0/28 Timer 08:00
0 Plays Today
Lyric Family Member % Correct
When you're good to _____, _____'s good to you.Mama
80.4%
_____, can you hear me? _____, can you see me? _____ can you find me in the night?Papa
61.7%
Careful the things you say, _____ will listen. Careful the things you do, _____ will see and learnchildren
59.8%
Jacob, Jacob and _____, Men of the soil, of the sheaf and crook. Jacob, Jacob and _____, a remarkable family in anyone's book.sons
55.8%
Hey _____, welcome to the 60's.mama
54.9%
Territory folks should all be pals. Cowboys dance with farmer's _____, Farmers dance with the ranchers' gals!daughters
53.3%
I'm Gary Coleman from TV's 'Diff'rent Strokes.' I made a lot of money that got stolen by my _____.folks
53%
_____ who bore me, _____ who gave me no way to handle things, who made me so sad.Mama
49.3%
_____ always said I'd be very attractive, when I grew up, when I grew up. 'Diff'rent,' she said, 'With a special something.Mother
49.1%
'Do you wanna dance?' 'With you?' 'No..with my _____.'father
48.1%
My _____ and I earned a thou a week, at least, oh yeah! But my _____ is now, unfortunately, deceased.sister
47.9%
When I was twelve my _____ moved out; Left with a whimper -- not with a shout.father
46.8%
Dearest darlingest Momsie and _____.Popsicle
46.2%
_____ said, 'When I'm in heaven, child, I will send the Angel of Music to you'.Father
44.8%
Lyric Family Member % Correct
Oh, it's a crime for man to go philand'rin, and fill his _____'s poor heart with grief and doubt.wife
39.9%
I'm just a mean green _____ from outer space, and I'm bad.mother
35.8%
Old Deuteronomy's buried nine _____. And more - I am tempted to say ninety-nine.wives
30.3%
I'd see her all scared and my soul was dying. My _____ would say to me, 'Now don't you dare start crying.'dad
29.6%
Santa Santa Evita _____ de todos los ninos, de los tiranizados, de los descamisados, de los trabajadores, de la Argentina.Madre
27%
At the golden fingerbowl or any place you go. You'll meet your _____ Max and everyone you know.uncle
23.9%
When _____ whose age is eighty, in night clubs is getting matey with gigolos, Anything Goes.Grandmama
20%
You must have heard wrong _____. There's no tailor. You mean the butcher _____, by the name of Lazar-Wolfe.Grandma
19.4%
This girl from the office... My _____ from Ohio... It'll just be the four of us... You'll love her!niece
15.1%
I got million-dollar charm, _____. I got headaches and toothaches. And bad times too. Like you.cousin
9.8%
Your sword can be a sermon, or the power of the pen. Teach every child to raise his voice and then, my _____, then..brothers
8.9%
I’ve got my _____ by my side. I’ve got my _____' love and pride. And in my _____' eyes I recognize the star I want to be.sisters
6.4%
_____- you have only ten seconds in which to lose your _____! Five- four- three- two- one! (either one)Husbands/Wives
6.1%
'Please, darling, let the man do things his way.' 'Find a man--' 'I'm a _____!'grandmother
2.1%

You're not logged in!

Compare scores with friends on all Sporcle quizzes.
OR
Log In

From the Vault

4 Second Music Challenge

by Kiwi_Buckle

So good you may have to play it a 'second' time.
Remove Ads.
Support Sporcle.
Get the best of Sporcle when you Go Orange. This ad-free experience offers more features, more stats, and more fun while also helping to support Sporcle. Thank you for becoming a member.

Show Comments

Extras

Top Quizzes Today


Score Distribution

Your Account Isn't Verified!

In order to create a playlist on Sporcle, you need to verify the email address you used during registration. Go to your Sporcle Settings to finish the process.

Report this User

Report this user for behavior that violates our Community Guidelines.

Details: